| 000 | 00488nam a2200157 a 4500 | ||
|---|---|---|---|
| 001 | 000022640 | ||
| 005 | 20200930021718.0 | ||
| 008 | 101014s1973 dr ac 000 0 spa d | ||
| 040 |
_aDO-SdBNP _bspa _cBNPHU |
||
| 082 |
_axxx _bL864m |
||
| 100 | 1 |
_aLópez Vilaboy, José _946591 |
|
| 245 | 1 | 0 |
_aMotivos y culpables de la destrucción de Cuba : / _cJosé López Vilaboy. |
| 260 |
_aEstados Unidos : _bEditora de Libros, _c1973. |
||
| 300 |
_a512 p. : _bil. ; retrs. ; _c21 cm. |
||
| 049 | _aBNPD | ||
| 999 |
_c22137 _d22137 |
||